000 00529nam a2200121Ia 4500
008 171212s9999 xx 000 0 und d
020 _a9781760461119
245 _ceditor Gillespie, Kirsty;Treloyn, Sally;Niles, Don
_aA Distinctive Voice in the Antipodes
_bEssays in Honour of Stephen A. Wild
260 _bANU E Press
_c2017
650 _aAnthropology
650 _aWild, Stephen; Essays; Festschriften; Music -- Oceania; Dance -- Oceania; Aboriginal Australian -- Songs and music
856 _uhttp://jstor.org/stable/j.ctt1trkk4c
999 _c350965
_d350965